Statistiques concernant Dictée #3

Cliquez ici pour prendre le quiz!

Statistiques générales

  • Ce quiz a été pris 143 fois
  • Le résultat moyen est 4 sur 5

Statistiques - réponses

Réponse% Correct
Chez ma grand-mère, je (faire) {faisais} mon bureau d'une armoire
97%
qui (s'ouvrir) {s'ouvrait} en manière de secrétaire et qu'un cri-cri, que l'habitude de me voir avait apprivoisé, occupa longtemps avec moi.
94%
Il y (vivre) {vivait} de mes pains à cacheter que j'avais soin de choisir blancs, dans la crainte qu'il ne s'empoisonnât.
90%
Quelques fois, il marchait sur mon écriture, et j'(être) {étais} obligée de le chasser pour qu'il ne s'avisât pas de goûter à l'encre fraîche. Un soir, ne l'entendant plus remuer et ne le voyant pas venir, je le cherchait partout. Je ne trouvai de mon ami que les deux pattes de derrière entre la croisée et la boiserie.
82%
Il venait manger sur mon papier pendant que j'(écrire) {écrivais}; après quoi il allait chanter dans certain tiroir de prédilection.
80%

Distribution des résultats

Percentile par nombre de réponses

% des personnes avec chaque résultat

Votre développement - résultats

Vous n’avez pas pris ce quiz